[Event "European Blitz 2022"]
[Site "Katowice POL"]
[Date "2022.12.16"]
[Round "1.61"]
[White "Sacharewicz, Krzysztof"]
[Black "Klenburg, Michael"]
[Result "0-1"]
[BlackTitle "IM"]
[WhiteElo "1794"]
[BlackElo "2347"]
[WhiteFideId "1156683"]
[BlackFideId "14102072"]
[EventDate "2022.12.16"]

1. d4 d6 2. Nf3 Nf6 3. c4 Nbd7 4. Nc3 e5 5. Bg5 Be7 6. e3 c6 7. Bd3 Ng4 8. Bxe7
Qxe7 9. O-O Ngf6 10. Bc2 O-O 11. d5 c5 12. a3 g6 13. b4 Ne8 14. bxc5 Nxc5 15.
Na4 b6 16. Nxc5 bxc5 17. Rb1 f5 18. Qd2 e4 19. Ne1 Nf6 20. Bd1 Qc7 21. Nc2 Bd7
22. Na1 Rab8 23. Bc2 Ng4 24. h3 Ne5 25. Qc3 Rb6 26. Rxb6 axb6 27. Rb1 Ra8 28.
Bd1 Ra6 29. Be2 Qa7 30. Nc2 Ba4 31. Ra1 Bxc2 32. Qxc2 Rxa3 33. Rxa3 Qxa3 34. Qb1
Qa5 35. Kf1 Kf7 36. f3 exf3 37. gxf3 Ke7 38. f4 Nd7 39. Qb2 Nf6 40. Bd3 Kf7 41.
Ke2 Qb4 42. Qa2 Ke7 43. Qa7+ Nd7 44. Qa8 Qb2+ 45. Kf3 Qc3 46. Be2 Qe1 47. Qh8
Qh1+ 48. Kf2 Qxh3 49. Qg7+ Kd8 50. Bd1 Qh2+ 51. Ke1 Qa2 52. Qxh7 Qxc4 53. Qxg6
Qxd5 54. Ba4 c4 55. Qg7 b5 0-1

[Event "European Blitz 2022"]
[Site "Katowice POL"]
[Date "2022.12.16"]
[Round "1.62"]
[White "Plichta, Kamil"]
[Black "Smetek, Michal"]
[Result "1-0"]
[WhiteTitle "FM"]
[WhiteElo "2394"]
[BlackElo "1747"]
[WhiteFideId "1141830"]
[BlackFideId "21041407"]
[EventDate "2022.12.16"]

1. Nf3 Nf6 2. g3 g6 3. Bg2 Bg7 4. O-O O-O 5. c4 c6 6. b3 d5 7. Bb2 Bg4 8. h3 Bf5
9. d3 a5 10. Nbd2 Na6 11. Rc1 h5 12. Be5 dxc4 13. Nxc4 Nb4 14. a3 Na6 15. Qd2
Be6 16. Nxa5 Qb6 17. b4 Nd5 18. Bxg7 Kxg7 19. Nc4 Qd8 20. Ng5 Bc8 21. Qb2+ f6
22. Rfd1 e5 23. Ne4 Be6 24. Ned6 Qd7 25. e4 Ne7 26. d4 exd4 27. Rxd4 c5 28. Nf5+
gxf5 29. Rxd7 Bxd7 30. e5 Bc6 31. exf6+ Rxf6 32. Bxc6 bxc6 33. Re1 Nd5 34. Nd6
Kg6 35. b5 Rb8 36. Qd2 cxb5 1-0

[Event "European Blitz 2022"]
[Site "Katowice POL"]
[Date "2022.12.16"]
[Round "1.63"]
[White "Galant, Ireneusz"]
[Black "Petrovskyi, Vadym"]
[Result "0-1"]
[BlackTitle "FM"]
[WhiteElo "1797"]
[BlackElo "2402"]
[WhiteFideId "1148206"]
[BlackFideId "14165210"]
[EventDate "2022.12.16"]

1. d4 Nf6 2. Nc3 d5 3. Bf4 c5 4. e3 a6 5. Nf3 Bg4 6. Be2 Bxf3 7. Bxf3 cxd4 8.
exd4 Nc6 9. Rb1 e6 10. a3 Bd6 11. Qd2 O-O 12. O-O Rc8 13. Rfe1 b5 14. b4 Nb8 15.
Ne2 Bxf4 16. Nxf4 Qc7 17. Re2 Qc3 18. Qd1 Nbd7 19. Rb3 Qc4 20. Re1 Qxc2 21. Qxc2
Rxc2 22. Nd3 g6 23. Nc5 Nxc5 24. dxc5 Rd8 25. Rd3 Nd7 26. g4 g5 27. Kg2 Kg7 28.
Kg3 Nb8 29. h4 h6 30. hxg5 hxg5 31. Re5 Kf6 32. Re1 Nc6 33. Bd1 Rc1 34. Rf3+ Kg7
35. Rfe3 d4 36. Re4 d3 37. Bf3 Rxe1 38. Rxe1 d2 39. Rd1 Ne5 40. Be2 Rd4 41. f3
Nc4 42. Kf2 e5 43. Ra1 Nb2 44. Bd1 Rc4 45. Ke3 Rc1 46. Ke4 0-1

[Event "European Blitz 2022"]
[Site "Katowice POL"]
[Date "2022.12.16"]
[Round "1.64"]
[White "Paehtz, Elisabeth"]
[Black "Sprzeczka, Emilia"]
[Result "1-0"]
[WhiteTitle "GM"]
[WhiteElo "2464"]
[BlackElo "1837"]
[WhiteFideId "4641833"]
[BlackFideId "21010331"]
[EventDate "2022.12.16"]

1. d4 Nf6 2. Nf3 g6 3. Bg5 Bg7 4. Nbd2 d5 5. c3 O-O 6. e3 h6 7. Bf4 b6 8. Be2 c5
9. Ne5 Bb7 10. Qa4 Nbd7 11. O-O Nxe5 12. Bxe5 Qc8 13. Rad1 Rd8 14. Qa3 Nd7 15.
Bg3 e5 16. Nf3 e4 17. Nd2 Qc6 18. Qb3 Qe6 19. Rfe1 Rac8 20. f3 cxd4 21. cxd4
exf3 22. Bxf3 Nf6 23. Be5 Rc6 24. Rc1 Rxc1 25. Rxc1 Rc8 26. Rxc8+ Qxc8 27. Qc3
Qxc3 28. bxc3 Kf8 29. Bd6+ Ke8 30. c4 Kd7 31. Be5 Ke6 32. c5 bxc5 33. Nb3 cxd4
34. Bxd4 h5 35. Nc5+ Ke7 36. Nxb7 Bh6 37. Bxf6+ Kxf6 38. Kf2 Ke6 39. Nc5+ Kd6
40. Nb3 Bg5 41. Ke2 Bd8 42. Kd3 Bb6 43. Nd4 f6 44. Ne2 Ke5 45. Nf4 1-0

[Event "European Blitz 2022"]
[Site "Katowice POL"]
[Date "2022.12.16"]
[Round "1.66"]
[White "Subelj, Jan"]
[Black "Zurawicki, Jakub"]
[Result "1-0"]
[WhiteTitle "IM"]
[WhiteElo "2492"]
[BlackElo "1655"]
[WhiteFideId "14618583"]
[BlackFideId "21817430"]
[EventDate "2022.12.16"]

1. e4 c5 2. Nf3 Nc6 3. Bb5 Qc7 4. Nc3 e6 5. Bxc6 Qxc6 6. d4 d6 7. O-O Nf6 8. d5
Qc7 9. Bg5 Be7 10. Bxf6 Bxf6 11. dxe6 Bxe6 12. Nb5 Qb6 13. Nxd6+ Kf8 14. e5 Be7
15. Qd2 Bxd6 16. exd6 Rd8 17. Rfd1 Bg4 18. Qf4 Bxf3 19. Qxf3 Qxb2 20. Rab1 Qxa2
21. Rxb7 Qe6 22. Re7 Qf6 23. Rxa7 g6 1-0

[Event "European Blitz 2022"]
[Site "Katowice POL"]
[Date "2022.12.16"]
[Round "1.67"]
[White "Jaworski, Tymon"]
[Black "Gretarsson, Helgi Ass"]
[Result "0-1"]
[BlackTitle "GM"]
[WhiteElo "1755"]
[BlackElo "2451"]
[WhiteFideId "21859582"]
[BlackFideId "2300699"]
[EventDate "2022.12.16"]

1. e4 g6 2. d4 Bg7 3. c4 e6 4. Nc3 Ne7 5. Nf3 d5 6. Bd3 Nbc6 7. cxd5 exd5 8. e5
Bg4 9. Ne2 O-O 10. h3 Bxf3 11. gxf3 f6 12. f4 fxe5 13. fxe5 Nf5 14. Bxf5 Rxf5
15. Be3 Qd7 16. Qb3 Na5 17. Qc3 Nc4 18. O-O-O Rf3 19. Kb1 Rxh3 20. Rxh3 Qxh3 21.
Nf4 Qf5+ 22. Ka1 c6 23. b3 Nb6 24. a4 a5 25. Nd3 Bf8 26. Kb2 Be7 27. Rh1 Nd7 28.
Qd2 Nf8 29. Nf4 h5 30. Qd3 Qxd3 31. Nxd3 Kf7 32. Rg1 Ne6 33. f4 Ng7 34. Bf2 Nf5
35. Kc3 Rh8 36. Kd2 h4 37. Rh1 h3 38. Ke2 Bd8 39. Kf3 Bb6 40. Nc5 Bxc5 41. dxc5
Ke6 42. Kg4 h2 43. Kf3 d4 44. Ke4 Rh3 0-1

[Event "European Blitz 2022"]
[Site "Katowice POL"]
[Date "2022.12.16"]
[Round "1.68"]
[White "Asllani, Muhamet"]
[Black "Derejczyk, Mateusz"]
[Result "1-0"]
[WhiteElo "2228"]
[BlackElo "1629"]
[WhiteFideId "22100300"]
[BlackFideId "21004188"]
[EventDate "2022.12.16"]

1. e4 c6 2. d4 d5 3. Nd2 dxe4 4. Nxe4 Bf5 5. Ng3 Bg6 6. Nf3 Nd7 7. h4 h6 8. h5
Bh7 9. Bc4 e6 10. c3 Ngf6 11. Bd3 Bxd3 12. Qxd3 Bd6 13. Bd2 Qc7 14. Ne2 O-O-O
15. O-O-O e5 16. dxe5 Nxe5 17. Nxe5 Bxe5 18. Qf5+ Kb8 19. Be3 Rhe8 20. Rxd8+
Rxd8 21. Re1 Nd5 22. Bd2 Bf6 23. g3 Qd7 24. Qf3 Ka8 25. Kb1 Nb6 26. Bxh6 gxh6
27. Qxf6 Qd3+ 28. Ka1 Qd2 29. Rb1 Re8 30. Nd4 Nd5 31. Qxf7 Rc8 32. Qd7 Rb8 33.
Ne6 Qxf2 34. Qxd5 Qxg3 35. Qd7 a6 36. Nc7+ Ka7 37. Qd4+ b6 38. Ne6 c5 39. Qg7+
Qxg7 40. Nxg7 Rg8 41. Rg1 Kb7 42. a3 Kc6 43. Rg6+ Kb5 44. Nf5 Rd8 45. Nd6+ Ka4
46. Ka2 b5 47. b3+ Ka5 48. Nb7# 1-0

[Event "European Blitz 2022"]
[Site "Katowice POL"]
[Date "2022.12.16"]
[Round "1.69"]
[White "Bogusz, Alan"]
[Black "Kuzmicz, Krystian"]
[Result "0-1"]
[BlackTitle "IM"]
[WhiteElo "1822"]
[BlackElo "2466"]
[WhiteFideId "21810060"]
[BlackFideId "1119125"]
[EventDate "2022.12.16"]

1. e4 c5 2. Nf3 e6 3. d4 cxd4 4. Nxd4 Nf6 5. Bd3 Nc6 6. Nxc6 bxc6 7. Nc3 d5 8.
Bg5 Be7 9. e5 Nd7 10. Bxe7 Qxe7 11. Qe2 Rb8 12. Rb1 Qg5 13. O-O Qxe5 14. Qf3 O-O
15. Rfe1 Qf6 16. Qxf6 Nxf6 17. f4 c5 18. b3 Bd7 19. Ne2 Rfc8 20. c4 d4 21. Ng3
g6 22. h3 a5 23. Re5 a4 24. Bc2 axb3 25. Rxb3 Ra8 26. Rb2 Ra3 27. Bb3 Ba4 28.
Re1 Bxb3 29. axb3 Rb8 30. Reb1 Kf8 31. Kf2 Ke7 32. Ke2 Kd6 33. Kd3 Kc6 34. Kc2
Ne8 35. Ne4 Nd6 36. Kd3 Nxe4 37. Kxe4 Kd6 38. b4 Re3# 0-1

[Event "European Blitz 2022"]
[Site "Katowice POL"]
[Date "2022.12.16"]
[Round "1.70"]
[White "Uruci, Endrit"]
[Black "Swiech, Joanna"]
[Result "1/2-1/2"]
[WhiteTitle "FM"]
[WhiteElo "2297"]
[BlackElo "1820"]
[WhiteFideId "22100199"]
[BlackFideId "1183486"]
[EventDate "2022.12.16"]

1. e4 e5 2. Nf3 Nc6 3. d4 exd4 4. Bc4 Be7 5. Nxd4 d6 6. Nc3 Nf6 7. O-O O-O 8. h3
Nxd4 9. Qxd4 c5 10. Qd3 a6 11. a4 Qc7 12. Bg5 h6 13. Bh4 Be6 14. Rad1 Rad8 15.
Rfe1 Bxc4 16. Qxc4 Rfe8 17. Bxf6 Bxf6 18. Nd5 Qd7 19. c3 Qe6 20. a5 Bh4 21. Rd3
Qg6 22. Rde3 Re5 23. Nf4 Qg5 24. Nd5 Qg6 25. Nf4 Qg5 26. Rf3 Qe7 27. Nd5 Qe8 28.
g3 Be7 29. Rfe3 Bf8 30. f4 Re6 31. Nc7 Qe7 32. Nxe6 fxe6 33. f5 Re8 34. fxe6
Qxe6 35. Qxe6+ Rxe6 36. Kg2 Be7 37. Rd3 Bd8 38. b4 cxb4 39. cxb4 Be7 40. Kf3 Kf7
41. Rd5 Bd8 42. Rc1 Ke7 43. Rc8 Kd7 44. Rc2 Re5 45. Rxe5 dxe5 46. Kg4 Bf6 47.
Kf5 Kd6 48. Rd2+ Kc6 49. Rd5 Kc7 50. g4 Kc6 51. h4 Kc7 52. g5 1/2-1/2

[Event "European Blitz 2022"]
[Site "Katowice POL"]
[Date "2022.12.16"]
[Round "1.72"]
[White "Batsiashvili, Nino"]
[Black "Zrubek, Adam"]
[Result "1-0"]
[WhiteTitle "GM"]
[WhiteElo "2493"]
[BlackElo "1785"]
[WhiteFideId "13602993"]
[BlackFideId "23718706"]
[EventDate "2022.12.16"]

1. d4 d5 2. Nf3 Nc6 3. Bf4 Bf5 4. a3 e6 5. e3 Bd6 6. Bg3 Nf6 7. c4 O-O 8. Nc3 a6
9. c5 Be7 10. Bd3 Bg6 11. O-O b6 12. b4 a5 13. b5 Na7 14. cxb6 cxb6 15. Ne5 Rc8
16. Bxg6 hxg6 17. Qd3 Nd7 18. Nf3 Nf6 19. Rfc1 Bd6 20. Na4 Bxg3 21. hxg3 Qd6 22.
Ne5 Ne4 23. g4 Rfd8 24. f3 Nf6 25. g5 Rxc1+ 26. Rxc1 Nd7 27. Nc6 Rc8 28. Qc3 Nb8
29. Nxb6 Rc7 30. Qc5 1-0

[Event "European Blitz 2022"]
[Site "Katowice POL"]
[Date "2022.12.16"]
[Round "1.74"]
[White "Kyc, Jerzy"]
[Black "Czernecki, Andrzej"]
[Result "1-0"]
[WhiteElo "2230"]
[BlackElo "1812"]
[WhiteFideId "1163922"]
[BlackFideId "21810117"]
[EventDate "2022.12.16"]

1. e4 c5 2. Nf3 d6 3. d4 cxd4 4. Nxd4 Nf6 5. Nc3 Nc6 6. Bg5 Bd7 7. Nb3 e6 8. Qd2
Be7 9. O-O-O a6 10. f3 Rc8 11. Kb1 Ne5 12. Be3 b5 13. a3 Nc4 14. Bxc4 bxc4 15.
Nd4 Rb8 16. Ka2 Qa5 17. Nd5 Qxd2 18. Nxf6+ Bxf6 19. Rxd2 Ke7 20. c3 Bxd4 21.
Rxd4 e5 22. Rd2 Be6 23. Rhd1 Rhd8 24. Ba7 Rb7 25. Bc5 Rbd7 26. Bb4 f5 27. exf5
Bxf5 28. Rd5 Ke6 29. Ra5 Bc2 30. Re1 Bb3+ 31. Kb1 Ra8 32. f4 Rf7 33. fxe5 d5 34.
Rc5 Ba4 35. Ba5 Raf8 36. Kc1 Rf2 37. Kb1 Rc2 38. Ka1 Rff2 39. Rb1 Kxe5 40. Rc7
Rxg2 41. Bb6 Kd6 42. Ra7 Kc6 43. Bd4 h5 44. Rxa6+ Kd7 45. Rxa4 Rxh2 46. Ra7+ Kc6
47. Rxg7 h4 48. a4 h3 49. Rg6+ Kb7 50. Rh6 Rce2 51. a5 Re8 52. a6+ Ka8 53. Rf1
Kb8 54. Rh7 Rg2 55. Rxh3 Ree2 56. a7+ Kb7 57. Rh7+ 1-0

[Event "European Blitz 2022"]
[Site "Katowice POL"]
[Date "2022.12.16"]
[Round "1.75"]
[White "Norkeliunas, Matas"]
[Black "De Filomeno, Simone"]
[Result "1-0"]
[BlackTitle "IM"]
[WhiteElo "1693"]
[BlackElo "2450"]
[WhiteFideId "12818879"]
[BlackFideId "828688"]
[EventDate "2022.12.16"]

1. e4 c5 2. c3 Nf6 3. e5 Nd5 4. d4 cxd4 5. cxd4 d6 6. Bc4 Nb6 7. Bb5+ Bd7 8.
Bxd7+ Qxd7 9. Nf3 Nc6 10. exd6 e6 11. O-O Bxd6 12. Nc3 O-O 13. Ne4 Be7 14. Be3
Rad8 15. Qd2 f5 16. Nc3 Nc4 17. Qc1 h6 18. Rd1 Bd6 19. d5 Nb4 20. dxe6 Qxe6 21.
Nd4 Qe8 22. Ncb5 Nxe3 23. fxe3 Kh8 24. Nxf5 Rxf5 25. Nxd6 Qf8 26. Nxf5 Rxd1+ 27.
Qxd1 Qxf5 28. Qd8+ Kh7 29. Rf1 Qe4 30. Qd4 Qe7 31. e4 Nc6 32. Qd5 Ne5 33. h3 b6
34. b3 Qg5 35. Qe6 Qe3+ 36. Kh1 Qxe4 37. Qf5+ Qxf5 38. Rxf5 Nd3 39. Rf7 a5 40.
Rb7 Nc1 41. Rxb6 Nxa2 42. Ra6 Nc1 43. Rxa5 Nxb3 44. Ra7 Nc5 45. Kh2 Kg6 46. Kg3
Ne4+ 47. Kf4 Nf6 48. g4 Nd5+ 49. Ke5 Ne3 50. Kf4 Nd5+ 51. Kg3 Nf6 52. h4 Ne4+
53. Kf4 Nf6 54. h5+ Kh7 55. Kf5 Nd5 56. Rd7 Nf6 57. Rd8 Ng8 58. Ke6 Nf6 59. Kf5
Ng8 60. Rd6 Kh8 61. Kg6 Ne7+ 62. Kf7 Ng8 63. Rd8 Kh7 64. Rxg8 1-0

[Event "European Blitz 2022"]
[Site "Katowice POL"]
[Date "2022.12.16"]
[Round "1.77"]
[White "Panczak, Tomasz"]
[Black "Thorfinnsson, Bjorn"]
[Result "1-0"]
[BlackTitle "IM"]
[WhiteElo "1766"]
[BlackElo "2374"]
[WhiteFideId "1138820"]
[BlackFideId "2300982"]
[EventDate "2022.12.16"]

1. c4 c6 2. Nc3 d5 3. cxd5 cxd5 4. d4 Nc6 5. Bf4 Nf6 6. Nf3 a6 7. e3 e6 8. a3
Bd7 9. Bd3 Rc8 10. O-O Na5 11. Ne5 Be7 12. Rc1 O-O 13. h3 b5 14. Bb1 Nc4 15.
Nxd7 Qxd7 16. Qe2 a5 17. Bg5 Rfe8 18. Rfe1 b4 19. axb4 axb4 20. b3 bxc3 21. bxc4
Rxc4 22. Qd3 Ne4 23. Bxe7 Qxe7 24. f3 Nf6 25. Rxc3 Qb4 26. Rec1 Rec8 27. Rxc4
dxc4 28. Qc2 g6 29. e4 Nh5 30. Kh2 Qb8+ 31. Kg1 Nf4 32. Qd2 c3 33. Qc2 Qb4 34.
Rd1 Rd8 35. Ba2 Rxd4 36. Rxd4 Qxd4+ 37. Kh2 Nd3 38. Bb3 Nb4 39. Qc1 Qd6+ 40. Kg1
Qd3 1-0

[Event "European Blitz 2022"]
[Site "Katowice POL"]
[Date "2022.12.16"]
[Round "1.78"]
[White "Jarmula, Lukasz"]
[Black "Nasibov, Rufat"]
[Result "1/2-1/2"]
[WhiteTitle "GM"]
[WhiteElo "2469"]
[BlackElo "1807"]
[WhiteFideId "1160664"]
[BlackFideId "13413155"]
[EventDate "2022.12.16"]

1. e4 c6 2. d4 d5 3. e5 Bf5 4. h4 h5 5. Bd3 Bxd3 6. Qxd3 Qa5+ 7. Nd2 Qa6 8. c4
e6 9. Ngf3 Nd7 10. O-O Ne7 11. b3 Nf5 12. a4 Be7 13. Ba3 Nxh4 14. Nxh4 Bxh4 15.
b4 Be7 16. b5 Qa5 17. Bxe7 Kxe7 18. Qa3+ Ke8 19. bxc6 bxc6 20. Nf3 Qd8 21. Rab1
Qe7 22. Qc3 1/2-1/2

[Event "European Blitz 2022"]
[Site "Katowice POL"]
[Date "2022.12.16"]
[Round "1.79"]
[White "Mosny, Kamil"]
[Black "Karolczuk, Iwo"]
[Result "1-0"]
[BlackTitle "FM"]
[WhiteElo "1704"]
[BlackElo "2327"]
[WhiteFideId "21060606"]
[BlackFideId "21816972"]
[EventDate "2022.12.16"]

1. d4 Nf6 2. c4 e6 3. Nf3 b6 4. a3 Bb7 5. Nc3 d5 6. Qc2 Be7 7. Bg5 O-O 8. e3 c5
9. cxd5 cxd4 10. Nxd4 Nxd5 11. Bxe7 Nxe7 12. Rd1 Qc8 13. Ndb5 Qc5 14. Nd6 Bc6
15. Nde4 Qe5 16. Bd3 f5 17. f4 Qa5 18. Ng5 Qc5 19. Qe2 Bd7 20. Bc4 Rf6 21. Rxd7
Nxd7 22. Nxe6 Qc8 23. Nc7+ Kh8 24. Nxa8 Qxa8 25. O-O Nc5 26. Rd1 h6 27. Nd5 Nxd5
28. Bxd5 Qe8 29. Bc4 Qe4 30. Rd4 Qe7 31. Bd3 Kh7 32. b4 Ne6 33. Rd5 g6 34. Qd2
Rf7 35. Bb5 Qf6 36. h3 Nc7 37. Re5 g5 38. Bd3 Qg6 39. Qc2 Kg7 40. Bxf5 Qd6 41.
Bd3 gxf4 42. exf4 Rxf4 43. Qc3 Rf6 44. Re4 Nd5 45. Rg4+ Kf7 46. Qc4 Ke7 47. Re4+
Kf8 48. Rd4 Qg3 49. Qc8+ Kg7 50. Qd7+ Rf7 51. Qxd5 Qe1+ 52. Kh2 Qd2 53. Qe4 Qg5
54. Qg4 Re7 55. Qxg5+ hxg5 56. Bb5 Kf6 57. Rd7 Re5 58. Bc4 a5 59. Rf7+ Kg6 60.
Rb7 axb4 61. Rxb6+ Kf5 62. axb4 g4 63. Bd3+ Kf4 64. Rf6+ Ke3 65. Bf5 Kf4 66.
Bxg4+ Kg5 67. Rf5+ 1-0

[Event "European Blitz 2022"]
[Site "Katowice POL"]
[Date "2022.12.16"]
[Round "1.80"]
[White "Cherniaiev, Tykhon"]
[Black "Kania, Franciszek"]
[Result "1-0"]
[WhiteTitle "FM"]
[WhiteElo "2330"]
[BlackElo "1841"]
[WhiteFideId "14182360"]
[BlackFideId "21034362"]
[EventDate "2022.12.16"]

1. Nf3 c5 2. c4 Nc6 3. Nc3 g6 4. g3 Bg7 5. Bg2 e5 6. O-O d6 7. e3 Nge7 8. d4 O-O
9. d5 Nb8 10. a3 a5 11. Bd2 Na6 12. b4 cxb4 13. axb4 axb4 14. Nb5 Bg4 15. e4 Rc8
16. Qb3 Nc5 17. Qxb4 f5 18. Ng5 f4 19. f3 h6 20. Ne6 Bxe6 21. dxe6 Nxe6 22. Qxd6
Qxd6 23. Nxd6 Rcd8 24. Bb4 Nc6 25. Ba3 Rb8 26. Rab1 Rfd8 27. c5 Ned4 28. Nxb7
Rd7 29. Nd6 Rxb1 30. Rxb1 Ra7 31. Bb2 Ra2 32. Kh1 g5 33. Bf1 Kh7 34. Bc4 Ra4 35.
Bxd4 Nxd4 36. Rb8 Ra1+ 37. Kg2 Rc1 38. Bg8+ Kg6 39. Bf7+ Kh7 40. Nf5 Rc2+ 41.
Kh3 Nxf5 42. exf5 Rxc5 43. Bg6# 1-0

[Event "European Blitz 2022"]
[Site "Katowice POL"]
[Date "2022.12.16"]
[Round "1.81"]
[White "Lukasik, Zuzanna"]
[Black "Arkell, Keith C"]
[Result "0-1"]
[BlackTitle "GM"]
[WhiteElo "1781"]
[BlackElo "2406"]
[WhiteFideId "21813906"]
[BlackFideId "400270"]
[EventDate "2022.12.16"]

1. e4 c6 2. d4 d5 3. Nc3 dxe4 4. Nxe4 Nd7 5. Nf3 Ngf6 6. Nxf6+ Nxf6 7. Be2 Bg4
8. O-O e6 9. h3 Bxf3 10. Bxf3 Be7 11. Bg5 O-O 12. Bxf6 Bxf6 13. c3 Qd6 14. Qc2
Rfd8 15. Rad1 Rd7 16. Rfe1 Rad8 17. Qa4 a6 18. Qb3 g6 19. Qc2 h5 20. a4 h4 21.
Qc1 Kg7 22. Qe3 Re8 23. Qc1 Bd8 24. Qe3 Bc7 25. Qe5+ Qxe5 26. dxe5 Red8 27. Rxd7
Rxd7 28. Re4 g5 29. Rg4 Kh6 30. Re4 Rd2 31. Re2 Rd1+ 32. Kh2 Ra1 33. b3 f6 34.
g3 Bxe5 35. c4 Rb1 36. Re3 Rb2 37. Kg2 hxg3 38. Be2 gxf2 0-1

[Event "European Blitz 2022"]
[Site "Katowice POL"]
[Date "2022.12.16"]
[Round "1.82"]
[White "Kjartansson, Gudmundur"]
[Black "Pycinski, Wladyslaw"]
[Result "1-0"]
[WhiteTitle "GM"]
[WhiteElo "2453"]
[BlackElo "1867"]
[WhiteFideId "2301318"]
[BlackFideId "21054509"]
[EventDate "2022.12.16"]

1. c4 e6 2. Nc3 d5 3. d4 c6 4. e3 Bd6 5. b3 f5 6. Bd3 Nf6 7. Nge2 O-O 8. Qc2 Ne4
9. g3 Nd7 10. f3 Nxc3 11. Nxc3 Nf6 12. Bd2 a5 13. O-O Bd7 14. e4 fxe4 15. fxe4
dxe4 16. Nxe4 Nxe4 17. Bxe4 h6 18. Rxf8+ Qxf8 19. Rf1 Qe7 20. Bh7+ Kh8 21. Bg6
Rf8 22. Rxf8+ Qxf8 23. Bxa5 e5 24. dxe5 Bxe5 25. Be1 Bh3 26. Bf2 Bd4 27. Qe2
Bxf2+ 28. Qxf2 Qd6 29. Bc2 c5 30. Qe3 Qc6 31. Qe4 Qxe4 32. Bxe4 b6 33. Kf2 Kg8
34. Ke3 Kf7 35. Bf3 Bd7 36. a3 Kf6 37. Kf4 g5+ 38. Ke4 Bc6+ 39. Ke3 Bd7 40. b4
Ke5 41. b5 Be6 42. Be2 Bd7 43. a4 Bc8 44. Bf3 Kd6 45. Bd5 Bf5 46. Kd2 Bd7 47.
Kc3 Bf5 48. Kb3 Kc7 49. h4 gxh4 50. gxh4 Bg4 51. Be4 Bd1+ 52. Bc2 Bf3 53. Kc3
Kd6 54. Kd3 Ke5 55. Ke3 Bb7 56. Bg6 Ba8 57. Be8 Kd6 58. Kf4 Bg2 59. Kf5 Bf1 60.
Bf7 Bd3+ 61. Kf6 Be4 62. Kg7 h5 63. Bxh5 Ke5 64. Bf7 Kd4 65. h5 Bc2 66. h6 Kc3
67. Bg6 1-0

[Event "European Blitz 2022"]
[Site "Katowice POL"]
[Date "2022.12.16"]
[Round "1.83"]
[White "Bara, Jan"]
[Black "Diermair, Andreas"]
[Result "1/2-1/2"]
[BlackTitle "GM"]
[WhiteElo "1672"]
[BlackElo "2446"]
[WhiteFideId "23716150"]
[BlackFideId "1612468"]
[EventDate "2022.12.16"]

1. e4 e5 2. Nf3 Nc6 3. Nc3 Nf6 4. d4 Bb4 5. d5 Ne7 6. Bd3 d6 7. O-O Ng6 8. h3 a6
9. a3 Bc5 10. b4 Ba7 11. Bg5 h6 12. Be3 Bxe3 13. fxe3 O-O 14. Ne2 c6 15. c4 a5
16. Ng3 axb4 17. axb4 Rxa1 18. Qxa1 Qb6 19. Qe1 Bd7 20. Qd2 Ra8 21. Re1 Ra3 22.
Nf5 Bxf5 23. exf5 Ne7 24. Bb1 cxd5 25. cxd5 Nexd5 26. Kh1 Qxb4 27. Qxb4 Nxb4 28.
e4 Rc3 29. Rd1 Rc4 30. Re1 b5 31. Nd2 Rc3 32. Nf3 Nd3 33. Rf1 b4 34. Kh2 b3 35.
Nd2 b2 36. Rf3 d5 37. Rxd3 Rc5 38. exd5 Nxd5 39. Rb3 Ne3 40. Rxb2 Rd5 41. Rb8+
Kh7 42. f6+ g6 43. Ne4 Nf1+ 44. Kg1 Rd1 45. Nf2 Rc1 46. Rb7 Nd2+ 47. Kh2 Nf1+
48. Kg1 1/2-1/2

[Event "European Blitz 2022"]
[Site "Katowice POL"]
[Date "2022.12.16"]
[Round "1.84"]
[White "Tisaj, Domen"]
[Black "Gniado, Radoslaw"]
[Result "1-0"]
[WhiteTitle "FM"]
[WhiteElo "2396"]
[BlackElo "1751"]
[WhiteFideId "14628708"]
[BlackFideId "1189239"]
[EventDate "2022.12.16"]

1. d4 Nf6 2. c4 g6 3. g3 Bg7 4. Bg2 d6 5. Nf3 O-O 6. Nc3 Nc6 7. O-O a6 8. d5 Na5
9. b3 c5 10. dxc6 Nxc6 11. Bb2 Ne4 12. Qc2 Nxc3 13. Bxc3 e5 14. Rad1 Qe7 15. Qb2
Be6 16. Nd2 Rad8 17. e4 b5 18. Qc2 b4 19. Bb2 a5 20. Rfe1 Bg4 21. f3 Be6 22. Nf1
f5 23. exf5 Bxf5 24. Qd2 Kh8 25. Ne3 Be6 26. Nd5 Bxd5 27. Qxd5 Qc7 28. f4 Ne7
29. Qe6 Rf6 30. Qg4 h5 31. Qe2 Nf5 32. fxe5 Re6 33. Bd5 Re7 1-0

[Event "European Blitz 2022"]
[Site "Katowice POL"]
[Date "2022.12.16"]
[Round "1.85"]
[White "Peglau, Sarah"]
[Black "Langheinrich, Ferenc"]
[Result "0-1"]
[BlackTitle "IM"]
[WhiteElo "1790"]
[BlackElo "2381"]
[WhiteFideId "16219961"]
[BlackFideId "4641973"]
[EventDate "2022.12.16"]

1. d4 Nf6 2. c4 e6 3. Nf3 d5 4. Nc3 Bb4 5. Bg5 O-O 6. e3 h6 7. Bh4 Nbd7 8. Qc2
c5 9. a3 Bxc3+ 10. Qxc3 b6 11. cxd5 exd5 12. Be2 Qe7 13. O-O Bb7 14. Rfd1 Rac8
15. Rac1 Qe6 16. Qb3 c4 17. Qc3 Ne4 18. Qe1 f5 19. Nd2 g5 20. Bg3 a5 21. Nxe4
Qxe4 22. Bf3 Qe6 23. h4 Bc6 24. hxg5 hxg5 25. Qc3 Ba4 26. Rd2 Kg7 27. Bd1 Bxd1
28. Rdxd1 Kg6 29. b3 Nf6 30. b4 Ne4 31. Qc2 Nxg3 32. fxg3 Qxe3+ 33. Qf2 Qxf2+
34. Kxf2 axb4 35. axb4 Ra8 36. Re1 Ra2+ 37. Kf1 Rh8 38. Kg1 Rb2 39. Re6+ Kh5 40.
Rxb6 Kg4 41. Re1 Ra8 42. Rbe6 Raa2 43. R6e5 Rxg2+ 44. Kh1 Rh2+ 45. Kg1 Rag2+ 46.
Kf1 Kh3 47. Re6 0-1

[Event "European Blitz 2022"]
[Site "Katowice POL"]
[Date "2022.12.16"]
[Round "1.86"]
[White "Psyk, Radoslaw"]
[Black "Penza, Denis"]
[Result "1-0"]
[WhiteElo "2438"]
[BlackElo "1783"]
[WhiteFideId "1182838"]
[BlackFideId "14124106"]
[EventDate "2022.12.16"]

1. e4 e6 2. b3 d5 3. Bb2 Nf6 4. e5 Ng8 5. f4 c5 6. Nf3 Nc6 7. Be2 Nge7 8. O-O
Nf5 9. Nc3 Be7 10. Qe1 Nfd4 11. Nxd4 Nxd4 12. Bd3 Bd7 13. Kh1 Rc8 14. Ne2 Nxe2
15. Qxe2 Qb6 16. Rab1 d4 17. c3 dxc3 18. dxc3 a6 19. c4 g6 20. f5 gxf5 21. Bxf5
Bc6 22. Bh3 Rd8 23. Qh5 Rf8 24. Rxf7 Rxf7 25. Rf1 Kd7 26. Bxe6+ Kc7 27. Rxf7
Bxg2+ 28. Kxg2 Qxe6 29. Bc1 Rg8+ 30. Kf2 Kd7 31. h4 Qg6 32. Qf5+ Qxf5+ 33. Rxf5
Rg4 34. Rh5 Re4 35. Rxh7 Rxe5 36. Bg5 1-0